Shopping centre development report marketbeat Europe (Record no. 83917)
[ view plain ]
| 000 -LEADER | |
|---|---|
| fixed length control field | 01325cad a22002055a 4500 |
| 001 - CONTROL NUMBER | |
| control field | L155757 |
| 008 - FIXED-LENGTH DATA ELEMENTS--GENERAL INFORMATION | |
| fixed length control field | 120416s2012 xxk 000 0 eng d |
| 035 ## - SYSTEM CONTROL NUMBER | |
| System control number | (Sirsi) u155757 |
| 041 0# - LANGUAGE CODE | |
| Language code of text/sound track or separate title | eng |
| 110 2# - MAIN ENTRY--CORPORATE NAME | |
| Corporate name or jurisdiction name as entry element | Cushman & Wakefield |
| 9 (RLIN) | 5888 |
| 245 00 - TITLE STATEMENT | |
| Title | Shopping centre development report marketbeat Europe |
| Remainder of title | April 2012 |
| Medium | [electronic resource] |
| 260 ## - PUBLICATION, DISTRIBUTION, ETC. | |
| Place of publication, distribution, etc. | London |
| Name of publisher, distributor, etc. | Cushman & Wakefield |
| Date of publication, distribution, etc. | 2012 |
| 490 #0 - SERIES STATEMENT | |
| Series statement | Cushman & Wakefield Shopping Centre Development Report Marketbeat Europe |
| Volume/sequential designation | April 2012 |
| 520 ## - SUMMARY, ETC. | |
| Summary, etc. | Shopping centre provision increased by nearly 3.6 million sq m in the second half of 2011, bringing the European completion total for the year to 5.9 million sq m - virtually identical to the 2010 figure. Central and Eastern Europe accounted for 65% of new space added. Overview - Market size - Overview of development in 2011 - Key trends across Europe - European shopping centre growth - Shopping centre investment. |
| 590 ## - LOCAL NOTE (RLIN) | |
| Local note | KA |
| 651 #4 - SUBJECT ADDED ENTRY--GEOGRAPHIC NAME | |
| Geographic name | Europe |
| 690 ## - LOCAL SUBJECT ADDED ENTRY--TOPICAL TERM (OCLC, RLIN) | |
| Topical term or geographic name as entry element | Commercial property |
| 9 (RLIN) | 6227 |
| 856 40 - ELECTRONIC LOCATION AND ACCESS | |
| Uniform Resource Identifier | <a href="https://www.cushwake.com/cwglobal/jsp/kcLocalReportLanding.jsp?Country=GLOBAL&Language=EN&catId=100004">https://www.cushwake.com/cwglobal/jsp/kcLocalReportLanding.jsp?Country=GLOBAL&Language=EN&catId=100004</a> |
| Public note | View the report after signing up (free) with the Knowledge Center (Click on Local Market Reports, highlight Europe under Region and Retail under Sector, click on search) at www.cushwake.com |
| 942 ## - ADDED ENTRY ELEMENTS (KOHA) | |
| Suppress in OPAC | 0 |
| Withdrawn status | Lost status | Source of classification or shelving scheme | Damaged status | Not for loan | Home library | Current library | Shelving location | Date acquired | Total Checkouts | Full call number | Barcode | Date last seen | Copy number | Price effective from | Koha item type |
|---|---|---|---|---|---|---|---|---|---|---|---|---|---|---|---|
| Dewey Decimal Classification | Virtual | Virtual | Online | 15/04/2012 | ONLINE PUBLICATION | 155757-2001 | 06/08/2019 | 1 | 06/08/2019 | Book |